| 000 | 00934nam a22002057a 4500 | ||
|---|---|---|---|
| 999 |
_c63088 _d63088 |
||
| 003 | Ge_BSU | ||
| 005 | 20250530164112.0 | ||
| 008 | 250530s2024 ge ||||| |||| 00| 0 geo d | ||
| 020 | _a9789941871368 | ||
| 041 | _ageo | ||
| 080 | _a1(430) : 130.2 ნ-75 | ||
| 100 |
_aნიცშე, ფრიდრიხ _925197 |
||
| 245 |
_aEcce Homo : _bროგორ ხდება ადამიანი ის, რაც ის არის / _c ფრიდრიხ ნიცშე; მთარგმნელი გიორგი თავაძე. |
||
| 264 |
_aთბილისი : _b აქტი, _c 2024. |
||
| 300 |
_a250 გვ. ; _b20 სმ. |
||
| 653 | _aფილოსოფია | ||
| 653 | _aადამიანის ფილოსოფიური საკითხები | ||
| 700 |
_aთავაძე, გიორგი _eმთარგმნელი _92230 |
||
| 942 |
_2udc _cᲬᲘᲒᲜᲘ |
||